The Great Depression Quiz - Statistics

General Stats
  • This quiz has been taken 265 times
  • The average score is 7 of 18
Answer Stats
Question Answer % Correct
Day on which the stock market crashed, starting the Depression Black {Tuesday}
92%
President who defeated the above in the 1932 election and initiated the New Deal Franklin D. Roosevelt
89%
President at the onset of the Depression and namesake of shantytowns Herbert Hoover
86%
Ecological disaster in which dust storms hampered agriculture in the Midwest Dust Bowl
68%
Political party that created a ruling coalition during the New Deal Democratic Party
64%
State to which Oklahoma residents migrated in the wake of the dust storms California
55%
Book by John Steinbeck which tells the story of a family of Oklahoma migrants The Grapes of Wrath
42%
Act which established benefits for the elderly and remains a major part of the US budget Social Security Act
40%
Agency that provided electricity and brought economic development to 7 Southern states Tennessee Valley Authority
32%
Agency which emphasized environmental conservation and tried to offset the effects of dust storms Civilian Conservation Corps
26%
Louisiana governor known for the mottos "Share Our Wealth" and "Every Man a King" Huey Long
26%
Group of veterans violently dispersed during a protest before the 1932 election Bonus Army
25%
Agency that spurred artistic development and conducted recordings of former slaves Works Progress Administration
23%
A controversial plan suggested added seats to this judicial body after it ruled several New Deal plans unconstitutional Supreme Court
19%
Agency that constructed public facilities, including bridges, hospitals, and schools Public Works Administration
17%
Agency dedicated to helping struggling industries and address the needs of unions National Recovery Administration
13%
Secretary of Labor who was the first female Cabinet member and established, among other things, minimum wage laws and the 40 hour work week Frances Perkins
8%
Mass deportation of Mexican-Americans, including citizens, in the early 1930s Mexican {Repatriation}
6%
No matching quizzes found
Score Distribution
Percent of People with Each Score
Percentile by Number Answered
Your Score History
You have not taken this quiz